| 000 | 01043cam a2200337 i 4500 | ||
|---|---|---|---|
| 999 |
_c23270 _d23270 |
||
| 001 | 4156650 | ||
| 003 | BDDh-ASL | ||
| 005 | 20231015030222.0 | ||
| 008 | 780524s19951978nyu b 001 0 eng | ||
| 010 | _a 78051803 | ||
| 020 |
_a0394428145 : _c$15.00 |
||
| 040 |
_aDLC _cDLC _dDLC _dBDDh-ASL |
||
| 043 |
_aa------ _aaw----- |
||
| 050 | 0 | 0 |
_aDS12 _b.S24 1978 |
| 082 | 0 | 0 |
_a950.072 _bSAO |
| 100 | 1 | _aSaid, Edward W. | |
| 245 | 1 | 0 |
_aOrientalism / _cEdward W. Said. |
| 250 | _a1st ed. | ||
| 260 |
_aNew York : _bPantheon Books, _bPenguin Books, _cc1978. _c1995. |
||
| 300 |
_axi, 368 p. ; _c20 cm. |
||
| 504 | _aIncludes bibliographical references and index. | ||
| 650 | 0 | _aOrientalism. | |
| 650 | 0 | _aImperialism. | |
| 650 | 0 | _aEast and West. | |
| 651 | 0 |
_aAsia _xForeign public opinion, Occidental. |
|
| 651 | 0 |
_aMiddle East _xForeign public opinion, Occidental. |
|
| 651 | 0 |
_aAsia _xStudy and teaching. |
|
| 651 | 0 |
_aMiddle East _xStudy and teaching. |
|
| 906 |
_a7 _bcbc _corignew _d1 _eocip _f19 _gy-gencatlg |
||
| 942 |
_2ddc _cBK |
||